[Event "WY U-16 Chess Olympiad 2019"]
[Site "Corum"]
[Date "2019.11.01"]
[Round "5"]
[White "Mosesov, Danylo"]
[Black "Vujovic, Savo"]
[Result "1-0"]
[WhiteElo "2290"]
[BlackElo "2040"]
[Annotator "NA"]
[PlyCount "47"]
[EventDate "2019.10.28"]
[EventType "team-tourn"]
[EventCountry "TUR"]
[SourceTitle "playchess.com"]
[Source "ChessBase"]
[SourceQuality "1"]

1. d4 Nf6 2. c4 e6 3. Nf3 d5 4. Nc3 Bb4 5. g3 O-O 6. Bg2 c6 7. O-O dxc4 8. a3 Bxc3 9. bxc3 b5 10. a4 Nd5 11. Qc2 a5 12. Ng5 g6 13. e4 Nb6 14. e5 b4 15. Ne4 N8d7 16. Bh6 Nd5 17. cxb4 axb4 18. Bxf8 Kxf8 19. Rfb1 Ba6 20. Nd6 b3 21. Qc1 Nb4 22. Be4 Qb6 23. Qf4 f5 24. exf6 1-0

[Event "WY U-16 Chess Olympiad 2019"]
[Site "Corum"]
[Date "2019.11.01"]
[Round "5"]
[White "Aydincelebi, Kagan"]
[Black "Vettese, Nicholas"]
[Result "1-0"]
[WhiteElo "2285"]
[BlackElo "2235"]
[Annotator "NA"]
[PlyCount "117"]
[EventDate "2019.10.28"]
[EventType "team-tourn"]
[EventCountry "TUR"]
[SourceTitle "playchess.com"]
[Source "ChessBase"]
[SourceQuality "1"]

1. e4 Nf6 2. e5 Nd5 3. d4 d6 4. Nf3 Bg4 5. Be2 e6 6. O-O Nb6 7. c4 Be7 8. Be3 O-O 9. h3 Bxf3 10. Bxf3 Nc6 11. b3 dxe5 12. dxe5 Nxe5 13. Bxb7 Rb8 14. Be4 f5 15. Bc2 Bf6 16. Nd2 Nc6 17. Rb1 Bd4 18. Bxd4 Qxd4 19. Nf3 Qf6 20. Re1 e5 21. c5 Rbd8 22. Qe2 Nd7 23. Red1 e4 24. Ne1 Kh8 25. Qe3 Nde5 26. Rxd8 Rxd8 27. Rd1 Rxd1 28. Bxd1 Qd8 29. Be2 Nd4 30. Kf1 Qd5 31. Qc3 Nxe2 32. Kxe2 f4 33. Qd2 Qxd2+ 34. Kxd2 g5 35. Kc3 g4 36. hxg4 Nxg4 37. f3 Nf6 38. fxe4 Nxe4+ 39. Kd4 Nd2 40. Kd3 Nf1 41. Ke4 Kg7 42. Kxf4 Kf6 43. Nf3 h6 44. Nd4 a6 45. a4 Nd2 46. Ke3 Nf1+ 47. Kf4 Nd2 48. a5 Ke7 49. Ke5 Kd7 50. g4 Nf1 51. c6+ Kd8 52. Nf5 Nd2 53. b4 Nc4+ 54. Kd5 Nb2 55. Kd4 Ke8 56. Nxh6 Kf8 57. Nf5 Kf7 58. Ne3 Ke6 59. Kc3 1-0

[Event "WY U-16 Chess Olympiad 2019"]
[Site "Corum"]
[Date "2019.11.01"]
[Round "5"]
[White "Lukin, Elisha"]
[Black "Ahmadzada, Ahmad"]
[Result "0-1"]
[WhiteElo "2280"]
[BlackElo "2406"]
[Annotator "NA"]
[PlyCount "68"]
[EventDate "2019.10.28"]
[EventType "team-tourn"]
[EventCountry "TUR"]
[SourceTitle "playchess.com"]
[Source "ChessBase"]
[SourceQuality "1"]

1. d4 Nf6 2. c4 c5 3. d5 e6 4. Nc3 exd5 5. cxd5 d6 6. e4 g6 7. f4 Bg7 8. Bb5+ Nbd7 9. e5 dxe5 10. fxe5 Nh5 11. e6 Qh4+ 12. g3 Nxg3 13. hxg3 Qxh1 14. Be3 Bxc3+ 15. bxc3 a6 16. exd7+ Bxd7 17. Bxd7+ Kxd7 18. Qb3 b5 19. O-O-O Rhe8 20. Bxc5 Rac8 21. Qa3 Re4 22. d6 Qh6+ 23. Kc2 Ra4 24. Qb3 Rc4 25. Bd4 Qh2+ 26. Rd2 Qxg3 27. Kb2 R8c6 28. a4 b4 29. cxb4 Qf4 30. Nf3 Rxd4 31. Ne5+ Qxe5 32. Qxf7+ Kxd6 33. Qf8+ Kc7 34. Qf7+ Rd7+ 0-1

[Event "WY U-16 Chess Olympiad 2019"]
[Site "Corum"]
[Date "2019.11.01"]
[Round "5"]
[White "Rodrigue-Lemieux, Shawn"]
[Black "Uzumcu, Ahmet Utku"]
[Result "0-1"]
[WhiteElo "2263"]
[BlackElo "2304"]
[Annotator "NA"]
[PlyCount "62"]
[EventDate "2019.10.28"]
[EventType "team-tourn"]
[EventCountry "TUR"]
[SourceTitle "playchess.com"]
[Source "ChessBase"]
[SourceQuality "1"]

1. d4 Nf6 2. Nf3 g6 3. Nbd2 d5 4. e3 Bg7 5. b4 c6 6. c4 O-O 7. a4 a5 8. b5 c5 9. Bb2 Nbd7 10. Rc1 b6 11. cxd5 Nxd5 12. Bc4 Nb4 13. O-O Bb7 14. Nb3 Rc8 15. Qe2 cxd4 16. Nfxd4 e5 17. Ne6 fxe6 18. Bxe6+ Kh8 19. Rfd1 Rxc1 20. Nxc1 Bc8 21. Qg4 Qf6 22. f4 h5 23. Qh3 Rd8 24. Rf1 Qe7 25. f5 Nf6 26. Bxe5 Bxe6 27. fxe6 Ng4 28. Bxg7+ Kxg7 29. Ne2 Qxe6 30. Nd4 Qe5 31. Rc1 Rxd4 0-1

[Event "WY U-16 Chess Olympiad 2019"]
[Site "Corum"]
[Date "2019.11.01"]
[Round "5"]
[White "Siniauski, Artsiom"]
[Black "Nurgali, Nazerke"]
[Result "0-1"]
[WhiteElo "2233"]
[BlackElo "2194"]
[Annotator "NA"]
[PlyCount "158"]
[EventDate "2019.10.28"]
[EventType "team-tourn"]
[EventCountry "TUR"]
[SourceTitle "playchess.com"]
[Source "ChessBase"]
[SourceQuality "1"]

1. e4 c6 2. d4 d5 3. Nd2 g6 4. h3 Bg7 5. Ngf3 Nd7 6. Bd3 dxe4 7. Nxe4 Ngf6 8. O-O O-O 9. Nxf6+ Nxf6 10. b3 c5 11. Bb2 Nh5 12. Bc4 Qc7 13. Qc1 cxd4 14. Bxd4 e5 15. Bb2 b5 16. Bxb5 Bb7 17. Be2 Nf4 18. Bd1 Rfe8 19. Ne1 Qc6 20. f3 Bh6 21. Kh1 Bg5 22. Qe3 Nxh3 23. Qc3 Qxc3 24. Bxc3 Ba6 25. Nd3 Nf4 26. g3 Nxd3 27. cxd3 Bxd3 28. Re1 e4 29. fxe4 Rac8 30. Bd4 Bd2 31. Rg1 Bxe4+ 32. Kh2 a5 33. Rf1 Rcd8 34. Bb6 Rd6 35. Bc7 Rd7 36. Bb6 Re6 37. Bg1 Bd3 38. Rf2 Be3 39. Rg2 Bf1 40. Rc2 Bxg1+ 41. Kxg1 Re1 42. Rcc1 Be2+ 43. Kf2 Rdxd1 44. Rc8+ Kg7 45. Rxd1 Rxd1 46. Kxe2 Ra1 47. a4 Ra2+ 48. Ke3 Rg2 49. Kf3 Rb2 50. Rb8 Kf6 51. Rb5 h5 52. Kf4 Kg7 53. Rb7 Kh6 54. Rb6 Rb1 55. Rb5 f5 56. Rb6 Rf1+ 57. Ke3 Kg5 58. Ke2 Rg1 59. Kf2 Rc1 60. Kf3 Rc3+ 61. Kf2 Rd3 62. Kg2 h4 63. gxh4+ Kh5 64. Kf2 Rh3 65. Kg2 Rxh4 66. Rb5 Rd4 67. Rxa5 Kg4 68. Rc5 Rd2+ 69. Kf1 f4 70. a5 Ra2 71. b4 g5 72. a6 Rxa6 73. Rc2 Ra1+ 74. Kg2 Rb1 75. Kh2 Rxb4 76. Ra2 Re4 77. Rb2 f3 78. Kg1 Re1+ 79. Kf2 Re2+ 0-1

[Event "WY U-16 Chess Olympiad 2019"]
[Site "Corum"]
[Date "2019.11.01"]
[Round "5"]
[White "Gevorgyan, Albert"]
[Black "Garifullina, Leya"]
[Result "1/2-1/2"]
[WhiteElo "2231"]
[BlackElo "2330"]
[Annotator "NA"]
[PlyCount "59"]
[EventDate "2019.10.28"]
[EventType "team-tourn"]
[EventCountry "TUR"]
[SourceTitle "playchess.com"]
[Source "ChessBase"]
[SourceQuality "1"]

1. Nf3 Nf6 2. c4 e6 3. g3 d5 4. Bg2 Be7 5. O-O O-O 6. b3 b6 7. Bb2 Bb7 8. e3 c5 9. Qe2 Nc6 10. Rd1 Qc8 11. Nc3 Rd8 12. cxd5 Nxd5 13. Nxd5 Rxd5 14. d4 cxd4 15. Nxd4 Nxd4 16. Bxd4 Rd7 17. Rac1 Rc7 18. Qg4 Bf8 19. Rxc7 Qxc7 20. Bxb7 Qxb7 21. Bb2 Rc8 22. Rd2 h6 23. Qd4 Qc6 24. a4 Qb7 25. h4 Rc6 26. Qd8 Rc8 27. Qd4 Rc6 28. Qd8 Rc8 29. Qd4 Rc6 30. Qd8 1/2-1/2

[Event "WY U-16 Chess Olympiad 2019"]
[Site "Corum"]
[Date "2019.11.01"]
[Round "5"]
[White "Stremavicius, Pijus"]
[Black "Martins, Bruno Andre Leite"]
[Result "1/2-1/2"]
[WhiteElo "2230"]
[BlackElo "2284"]
[Annotator "NA"]
[PlyCount "127"]
[EventDate "2019.10.28"]
[EventType "team-tourn"]
[EventCountry "TUR"]
[SourceTitle "playchess.com"]
[Source "ChessBase"]
[SourceQuality "1"]

1. d4 Nf6 2. Nf3 g6 3. Nc3 d5 4. Bf4 c6 5. e3 Bg7 6. Be2 O-O 7. h3 Nbd7 8. O-O a6 9. b4 Ne4 10. Nxe4 dxe4 11. Nd2 f5 12. c3 Kh8 13. Qb3 e5 14. Bh2 exd4 15. cxd4 Nb6 16. a4 Qe7 17. Rab1 Be6 18. Qc2 g5 19. Qc5 Qd8 20. Qa5 Nd5 21. Qxd8 Rfxd8 22. Rfc1 Bf8 23. Bc4 b5 24. Ba2 Rdc8 25. g4 fxg4 26. hxg4 Bxg4 27. Be5+ Bg7 28. Bxg7+ Kxg7 29. Rc5 Bf5 30. axb5 axb5 31. Bxd5 cxd5 32. Rxd5 Kg6 33. Nf1 Rc2 34. Ng3 Bg4 35. Nxe4 h6 36. Rc5 Bf5 37. Rxc2 Bxe4 38. Rcb2 Bxb1 39. Rxb1 Rc8 40. Kg2 Kf5 41. Kf3 g4+ 42. Kg3 Rc4 43. Rb2 Kg5 44. d5 h5 45. d6 h4+ 46. Kg2 Rc8 47. Rd2 Rd8 48. f3 gxf3+ 49. Kxf3 Kf5 50. Rd5+ Ke6 51. Rxb5 Rh8 52. Kg2 Kxd6 53. Rg5 h3+ 54. Kh2 Re8 55. Rg6+ Kd5 56. Rg3 Rb8 57. Rg4 Re8 58. Rd4+ Kc6 59. e4 Rh8 60. e5 Rh5 61. Rc4+ Kd5 62. Rc5+ Ke6 63. Rc6+ Kd5 64. Rd6+ 1/2-1/2

[Event "WY U-16 Chess Olympiad 2019"]
[Site "Corum"]
[Date "2019.11.01"]
[Round "5"]
[White "Tsaruk, Maksim"]
[Black "Assaubayeva, Bibisara"]
[Result "1/2-1/2"]
[WhiteElo "2230"]
[BlackElo "2381"]
[Annotator "NA"]
[PlyCount "87"]
[EventDate "2019.10.28"]
[EventType "team-tourn"]
[EventCountry "TUR"]
[SourceTitle "playchess.com"]
[Source "ChessBase"]
[SourceQuality "1"]

1. e4 e5 2. Nf3 Nc6 3. Bb5 a6 4. Ba4 Nf6 5. O-O Be7 6. Re1 b5 7. Bb3 d6 8. c3 O-O 9. h3 Bb7 10. d4 Nd7 11. Nbd2 exd4 12. cxd4 Bf6 13. Nf1 Na5 14. Bc2 Re8 15. Rb1 c5 16. d5 Nc4 17. b3 Nce5 18. Nxe5 Nxe5 19. Be3 Ng6 20. Qd2 b4 21. Qd1 a5 22. f4 Bc3 23. Re2 a4 24. Rf2 axb3 25. axb3 Ra2 26. Qf3 Qe7 27. Bd3 Rxf2 28. Qxf2 f5 29. exf5 Nf8 30. Bb5 Nd7 31. Bd2 Bxd5 32. Bxc3 bxc3 33. f6 gxf6 34. Rc1 Rb8 35. Ne3 Be6 36. Bc4 Kh8 37. Rxc3 Nb6 38. Bxe6 Qxe6 39. Qd2 Re8 40. Kf2 d5 41. Rxc5 Qd6 42. Rb5 Qxf4+ 43. Kg1 Qxe3+ 44. Qxe3 1/2-1/2

[Event "WY U-16 Chess Olympiad 2019"]
[Site "Corum"]
[Date "2019.11.01"]
[Round "5"]
[White "Mammadov, Sadig"]
[Black "Ceres, Dragos"]
[Result "0-1"]
[WhiteElo "2216"]
[BlackElo "2302"]
[Annotator "NA"]
[PlyCount "89"]
[EventDate "2019.10.28"]
[EventType "team-tourn"]
[EventCountry "TUR"]
[SourceTitle "playchess.com"]
[Source "ChessBase"]
[SourceQuality "1"]

1. e4 e5 2. Nf3 Nc6 3. Bb5 a6 4. Ba4 g6 5. c3 Bg7 6. d4 exd4 7. cxd4 b5 8. Bb3 Nge7 9. O-O O-O 10. Nc3 Na5 11. Bc2 d6 12. h3 Bb7 13. Bg5 h6 14. Bh4 g5 15. Bg3 f5 16. exf5 Nxf5 17. Ne4 Qd7 18. Bh2 Rae8 19. Re1 Nc4 20. Bd3 Qf7 21. Bxc4 Qxc4 22. Rc1 Qxa2 23. Qc2 Qf7 24. Nfd2 Re7 25. Qd3 Nxd4 26. f3 Rfe8 27. Kf1 Nf5 28. b4 Qd5 29. Qb1 Qf7 30. Qd3 Bd5 31. Nf6+ Bxf6 32. Qxf5 Rxe1+ 33. Rxe1 Rxe1+ 34. Kxe1 Qe6+ 35. Qxe6+ Bxe6 36. Ne4 Bd4 37. Kd2 Kg7 38. f4 gxf4 39. Bxf4 Bd5 40. Ng3 Kg6 41. Ne2 Bf6 42. g3 Bc4 43. Ng1 h5 44. Nf3 Bd5 45. Nh4+ 0-1

[Event "WY U-16 Chess Olympiad 2019"]
[Site "Corum"]
[Date "2019.11.01"]
[Round "5"]
[White "Ajay Karthikeyan"]
[Black "Foo, Jiu Weir Brien"]
[Result "1-0"]
[WhiteElo "2214"]
[BlackElo "1731"]
[Annotator "NA"]
[PlyCount "65"]
[EventDate "2019.10.28"]
[EventType "team-tourn"]
[EventCountry "TUR"]
[SourceTitle "playchess.com"]
[Source "ChessBase"]
[SourceQuality "1"]

1. e4 e5 2. Nf3 Nf6 3. d4 Nxe4 4. Bd3 d5 5. Nxe5 Bd6 6. O-O O-O 7. c4 c6 8. Nc3 Nxc3 9. bxc3 dxc4 10. Bxc4 Nd7 11. f4 Nf6 12. Qf3 Bf5 13. Bd2 Be4 14. Qh3 Bd5 15. Bd3 Be4 16. Rae1 Bxd3 17. Qxd3 c5 18. d5 Bxe5 19. Rxe5 Ng4 20. Rg5 Qd7 21. h3 Nf6 22. c4 h6 23. Re5 Qd6 24. Bc3 Nd7 25. Re3 Rfe8 26. Rg3 Nf6 27. Qf5 Kh8 28. Be5 Qe7 29. Rff3 Qd7 30. Qxf6 gxf6 31. Bxf6+ Kh7 32. Rg7+ Kh8 33. Rxf7+ 1-0

[Event "WY U-16 Chess Olympiad 2019"]
[Site "Corum"]
[Date "2019.11.01"]
[Round "5"]
[White "Gombocz, Ferenc Jr."]
[Black "Schnabel, Johann Emil"]
[Result "1-0"]
[WhiteElo "2200"]
[BlackElo "1708"]
[Annotator "NA"]
[PlyCount "108"]
[EventDate "2019.10.28"]
[EventType "team-tourn"]
[EventCountry "TUR"]
[SourceTitle "playchess.com"]
[Source "ChessBase"]
[SourceQuality "1"]

1. c4 g6 2. g3 Bg7 3. Bg2 c5 4. Nc3 Nc6 5. a3 d6 6. Nf3 e6 7. O-O Nge7 8. e3 O-O 9. d4 cxd4 10. Nxd4 d5 11. cxd5 Nxd4 12. exd4 Nxd5 13. Nxd5 exd5 14. Be3 Be6 15. Qb3 Qd7 16. Rfc1 Rac8 17. h4 b6 18. a4 h5 19. Qb5 Qxb5 20. axb5 Rxc1+ 21. Rxc1 Ra8 22. Rc6 Kf8 23. Kf1 Ke7 24. Rc7+ Kd8 25. Rb7 Kc8 26. Re7 Bf6 27. Re8+ Kb7 28. Rxa8 Kxa8 29. Ke2 Kb7 30. f4 Kc8 31. f5 gxf5 32. Kd3 Bg7 33. Bf3 f6 34. Bxh5 Bd7 35. Bf7 Bxb5+ 36. Kc3 Bc6 37. Be6+ Kd8 38. Bxf5 Bd7 39. g4 Bxf5 40. gxf5 Bf8 41. h5 Ke8 42. h6 Kf7 43. h7 Bg7 44. Kb4 a6 45. Ka4 Bh8 46. Bh6 Bg7 47. b4 Bh8 48. b5 axb5+ 49. Kxb5 Ke7 50. Kxb6 Kd6 51. Bf4+ Kd7 52. Kc5 Bg7 53. Kxd5 Bh8 54. Bh6 Ke7 1-0

[Event "WY U-16 Chess Olympiad 2019"]
[Site "Corum"]
[Date "2019.11.01"]
[Round "5"]
[White "Santos, Jose Guilherme B Lim"]
[Black "Butvilas, Aistis"]
[Result "1-0"]
[WhiteElo "2183"]
[BlackElo "2116"]
[Annotator "NA"]
[PlyCount "91"]
[EventDate "2019.10.28"]
[EventType "team-tourn"]
[EventCountry "TUR"]
[SourceTitle "playchess.com"]
[Source "ChessBase"]
[SourceQuality "1"]

1. e4 c5 2. Nf3 e6 3. d4 cxd4 4. Nxd4 Nf6 5. Nc3 Nc6 6. g3 Qb6 7. Nb3 Bb4 8. Bg2 Qa6 9. Bd2 O-O 10. a3 Be7 11. Be3 Ne5 12. Qe2 Qxe2+ 13. Nxe2 Nc4 14. Bd4 e5 15. Bc3 d6 16. Na5 Nxa5 17. Bxa5 b6 18. Bd2 Bb7 19. Bg5 Rfd8 20. Nc3 Bc6 21. O-O h6 22. Bxf6 Bxf6 23. Rfd1 Rac8 24. h4 Kf8 25. Bf1 Ke7 26. Ba6 Rc7 27. a4 h5 28. Bb5 Ba8 29. a5 Rb8 30. Rd3 g5 31. hxg5 Bxg5 32. axb6 Rxb6 33. b3 f5 34. exf5 e4 35. Nd5+ Bxd5 36. Rxd5 e3 37. Bc4 exf2+ 38. Kxf2 Kf6 39. Re1 Re7 40. Re6+ Rxe6 41. fxe6 Rb7 42. Rxd6 h4 43. g4 Ke5 44. Rd5+ Kf4 45. Be2 Rg7 46. Bf3 1-0

[Event "WY U-16 Chess Olympiad 2019"]
[Site "Corum"]
[Date "2019.11.01"]
[Round "5"]
[White "Shirliyev, Allayar"]
[Black "Milosevic, Milos"]
[Result "1/2-1/2"]
[WhiteElo "2149"]
[BlackElo "2312"]
[Annotator "NA"]
[PlyCount "133"]
[EventDate "2019.10.28"]
[EventType "team-tourn"]
[EventCountry "TUR"]
[SourceTitle "playchess.com"]
[Source "ChessBase"]
[SourceQuality "1"]

1. d4 e6 2. c4 Nf6 3. Qc2 c5 4. dxc5 Bxc5 5. e3 b6 6. Nf3 Bb7 7. Nbd2 O-O 8. a3 a5 9. b3 d5 10. Bd3 dxc4 11. Nxc4 Nbd7 12. Bb2 Rc8 13. a4 Bb4+ 14. Ke2 Nc5 15. Rhd1 Nxd3 16. Rxd3 Qe7 17. Qd1 Be4 18. Rd4 Bc5 19. Rd2 Bf5 20. Bxf6 Qxf6 21. Rc1 Rcd8 22. Nce5 Rxd2+ 23. Qxd2 Rd8 24. Qc3 Be4 25. Rd1 Rxd1 26. Kxd1 g5 27. h3 Bxf3+ 28. gxf3 Bd6 29. f4 gxf4 30. exf4 Qxf4 31. Ng4 e5 32. Qd3 Bb4 33. Qe3 Qxe3 34. fxe3 Bd6 35. Nf6+ Kh8 36. Ke2 Bc7 37. Kd3 Bd8 38. Nd7 f6 39. Ke4 Kg7 40. Kf5 Kf7 41. e4 Kg7 42. Ke6 Kg6 43. Nb8 Kg5 44. Nc6 Kf4 45. Nxd8 Kxe4 46. Kxf6 Kd4 47. Nc6+ Kc3 48. Nxe5 Kxb3 49. Nd7 Kxa4 50. Nxb6+ Kb5 51. Nd5 Kc5 52. Nc3 Kb4 53. Nd5+ Kc5 54. Nc3 Kb4 55. Na2+ Kb3 56. Nc1+ Kc2 57. Ne2 Kd3 58. Nf4+ Ke4 59. Ne2 Kf3 60. Nc3 Kg3 61. Kg5 Kxh3 62. Kh6 Kg4 63. Kxh7 Kf5 64. Na4 Ke5 65. Kg6 Kd4 66. Kf5 Kc4 67. Ke4 1/2-1/2

[Event "WY U-16 Chess Olympiad 2019"]
[Site "Corum"]
[Date "2019.11.01"]
[Round "5"]
[White "Vojta, Jakub"]
[Black "Xi, Qi"]
[Result "0-1"]
[WhiteElo "2134"]
[BlackElo "2241"]
[Annotator "NA"]
[PlyCount "84"]
[EventDate "2019.10.28"]
[EventType "team-tourn"]
[EventCountry "TUR"]
[SourceTitle "playchess.com"]
[Source "ChessBase"]
[SourceQuality "1"]

1. e4 e6 2. d4 d5 3. Nd2 c5 4. exd5 Qxd5 5. Ngf3 cxd4 6. Bc4 Qd6 7. O-O Nf6 8. Nb3 Nc6 9. Nbxd4 Nxd4 10. Nxd4 a6 11. Re1 Qc7 12. Bf1 Be7 13. Qf3 O-O 14. Bf4 Bd6 15. Bxd6 Qxd6 16. Rad1 Qc7 17. Bd3 Bd7 18. c4 Rfd8 19. b3 Rac8 20. Bb1 Be8 21. Qg3 b5 22. cxb5 axb5 23. Qh4 h6 24. Rd3 Rd5 25. Red1 Rcd8 26. h3 Qa7 27. Kh2 R8d7 28. Kg1 R7d6 29. Nf3 Rxd3 30. Bxd3 Rd5 31. Rd2 Qd7 32. Ne1 Qd6 33. f3 Kf8 34. Qf2 Nh5 35. Rb2 Nf4 36. Bf1 e5 37. g3 Ne6 38. Bg2 Rd1 39. Kh2 Qd4 40. Qxd4 Nxd4 41. Nc2 Rd2 42. Nxd4 Rxb2 0-1

[Event "WY U-16 Chess Olympiad 2019"]
[Site "Corum"]
[Date "2019.11.01"]
[Round "5"]
[White "Deng Yu Dong Michael"]
[Black "Celik, Hasan Huseyin"]
[Result "1-0"]
[WhiteElo "2130"]
[BlackElo "1998"]
[Annotator "NA"]
[PlyCount "91"]
[EventDate "2019.10.28"]
[EventType "team-tourn"]
[EventCountry "TUR"]
[SourceTitle "playchess.com"]
[Source "ChessBase"]
[SourceQuality "1"]

1. d4 Nf6 2. c4 g6 3. Nc3 Bg7 4. e4 d6 5. f3 O-O 6. Be3 e5 7. d5 Nh5 8. Qd2 f5 9. exf5 gxf5 10. O-O-O a6 11. Bd3 Nd7 12. Nge2 Nc5 13. Bb1 b5 14. cxb5 axb5 15. Nxb5 Ba6 16. Nbc3 Bc4 17. Qc2 Qe8 18. g4 e4 19. fxe4 fxg4 20. e5 Qxe5 21. Qxh7+ Kf7 22. Qg6+ Kg8 23. Bd4 Bd3 24. Bxe5 Bxg6 25. Bxg6 Bxe5 26. Bxh5 Rf2 27. Bxg4 Raf8 28. h4 Kh8 29. b4 Na6 30. a3 Rg8 31. Be6 Rgg2 32. Rdg1 Rxe2 33. Nxe2 Rxe2 34. Rg8+ Kh7 35. Ra8 Ra2 36. Bf5+ Kg7 37. Rxa6 Kf6 38. Rf1 Rh2 39. Be6+ Kg6 40. Rc6 Bb2+ 41. Kb1 Bxa3 42. Rxc7 Bxb4 43. Rcf7 Bc3 44. Rg1+ Kh6 45. Bf5 Bg7 46. Rfxg7 1-0

[Event "WY U-16 Chess Olympiad 2019"]
[Site "Corum"]
[Date "2019.11.01"]
[Round "5"]
[White "Tengis, Tsog-Ochir"]
[Black "Ahmed, Jaza Jamal"]
[Result "1/2-1/2"]
[WhiteElo "2111"]
[BlackElo "2011"]
[Annotator "NA"]
[PlyCount "55"]
[EventDate "2019.10.28"]
[EventType "team-tourn"]
[EventCountry "TUR"]
[SourceTitle "playchess.com"]
[Source "ChessBase"]
[SourceQuality "1"]

1. Nf3 Nf6 2. g3 g6 3. b3 Bg7 4. Bb2 O-O 5. Bg2 d6 6. O-O c5 7. d3 Nc6 8. Nbd2 Rb8 9. Nh4 Bd7 10. e4 b5 11. f4 Qb6 12. Qe2 Nd4 13. Bxd4 cxd4 14. h3 Rbc8 15. Ndf3 Nh5 16. Kh2 e5 17. f5 Qc5 18. Ne1 Qc3 19. Rb1 Bh6 20. Rd1 Qc7 21. Bf3 Nxg3 22. Kxg3 Bf4+ 23. Kf2 Be3+ 24. Kg3 Bf4+ 25. Kf2 Be3+ 26. Kg2 Bg5 27. Kg3 Bf4+ 28. Kf2 1/2-1/2

[Event "WY U-16 Chess Olympiad 2019"]
[Site "Corum"]
[Date "2019.11.01"]
[Round "5"]
[White "Miletic, Vuk"]
[Black "Galperin, Platon"]
[Result "0-1"]
[WhiteElo "2105"]
[BlackElo "2469"]
[Annotator "ChessBase"]
[PlyCount "77"]
[EventDate "2019.10.28"]
[EventType "team-tourn"]
[EventCountry "TUR"]
[SourceTitle "playchess.com"]
[Source "ChessBase"]
[SourceQuality "1"]

1. d4 Nf6 2. c4 e6 3. Nf3 c5 4. d5 d6 5. Nc3 exd5 6. cxd5 g6 7. h3 Bg7 8. Bf4 O-O 9. e3 Ne8 10. Be2 Nd7 11. O-O Ne5 12. Re1 f5 13. Qd2 Nxf3+ 14. Bxf3 g5 15. Bh2 Qe7 16. Bd1 Bd7 17. a4 b6 18. Bc2 a6 19. Rab1 b5 20. axb5 axb5 21. b4 Qf6 22. Ne2 Rf7 23. Bd3 c4 24. Bc2 Nc7 25. Red1 Ra2 26. Rbc1 Kh8 27. Qd4 Qd8 28. Qd2 Qe7 29. Nd4 Be5 30. Bxe5+ Qxe5 31. Nf3 Qf6 32. Qd4 Qxd4 33. Rxd4 h6 34. Ne1 Rf8 35. Rb1 Bc8 36. f3 Kg7 37. Rd2 Re8 38. Kf2 Re5 39. e4 0-1

[Event "WY U-16 Chess Olympiad 2019"]
[Site "Corum"]
[Date "2019.11.01"]
[Round "5"]
[White "Terziev, Dimo"]
[Black "Soto, Miguel Angel"]
[Result "1/2-1/2"]
[WhiteElo "2098"]
[BlackElo "2283"]
[Annotator "NA"]
[PlyCount "120"]
[EventDate "2019.10.28"]
[EventType "team-tourn"]
[EventCountry "TUR"]
[SourceTitle "playchess.com"]
[Source "ChessBase"]
[SourceQuality "1"]

1. e4 c5 2. Nf3 d6 3. d4 cxd4 4. Qxd4 Nc6 5. Qe3 Nf6 6. c4 g6 7. Be2 Bg7 8. O-O Bg4 9. Rd1 Bxf3 10. Bxf3 Qa5 11. Nc3 O-O 12. Be2 Rfd8 13. h3 Qc5 14. Qd2 Rac8 15. Rb1 Ne5 16. b3 b5 17. Nxb5 Nxe4 18. Qf4 a6 19. Be3 Qb4 20. a3 Qa5 21. b4 Qa4 22. Qxe4 axb5 23. cxb5 Qxa3 24. b6 e6 25. b7 Rb8 26. Bb6 Rd7 27. Ra1 Nf3+ 28. Qxf3 Qxf3 29. Bxf3 Bxa1 30. Rxa1 d5 31. Ra8 Rdxb7 32. Rxb8+ Rxb8 33. Bc5 f6 34. Be2 Rc8 35. Ba6 Rc6 36. Bb5 Rc7 37. Kf1 Kf7 38. Ke1 e5 39. Bd6 Ra7 40. Bc6 Ke6 41. Bc5 Ra2 42. Kd1 d4 43. b5 Rxf2 44. b6 Rb2 45. Kc1 Rb3 46. Kc2 Rc3+ 47. Kb2 Rxc5 48. b7 Rxc6 49. b8=Q Kf5 50. Qb7 Rc3 51. Qd7+ Kg5 52. Qxh7 Rg3 53. Qb7 Kf4 54. Kc1 f5 55. Kd2 Re3 56. Qh7 g5 57. h4 Rg3 58. hxg5 Rxg2+ 59. Ke1 Rxg5 60. Kf2 d3 1/2-1/2

[Event "WY U-16 Chess Olympiad 2019"]
[Site "Corum"]
[Date "2019.11.01"]
[Round "5"]
[White "Bochnicka, Vladimir"]
[Black "Celik, Eylul"]
[Result "0-1"]
[WhiteElo "2087"]
[BlackElo "1896"]
[Annotator "NA"]
[PlyCount "124"]
[EventDate "2019.10.28"]
[EventType "team-tourn"]
[EventCountry "TUR"]
[SourceTitle "playchess.com"]
[Source "ChessBase"]
[SourceQuality "1"]

1. e4 e6 2. d4 d5 3. Nd2 c5 4. Ngf3 Nf6 5. exd5 Nxd5 6. Nb3 cxd4 7. Nbxd4 Bb4+ 8. Bd2 O-O 9. c3 Be7 10. Bd3 b6 11. O-O Bb7 12. Re1 Nd7 13. Qe2 Nc5 14. Bc2 Nf6 15. Rad1 Qc7 16. Bg5 Rfe8 17. Ne5 Nce4 18. Bxf6 Nxf6 19. Nb5 Qc8 20. Qd3 Rd8 21. Qe3 Bc5 22. Qf4 a6 23. Rxd8+ Qxd8 24. Rd1 Qe7 25. Nd4 Qc7 26. Qg5 Rd8 27. Bb3 Ne4 28. Qf4 g5 29. Qxf7+ Qxf7 30. Nxf7 Kxf7 31. Bxe6+ Kf6 32. Bb3 Bxd4 33. cxd4 Bd5 34. Bc2 h6 35. a3 Nd6 36. Bd3 Bc4 37. Bc2 Nb5 38. Re1 Nxd4 39. Bb1 Ne2+ 40. Kh1 Bb3 41. h3 Rd1 42. Rxd1 Bxd1 43. Bd3 a5 44. b4 Nf4 45. Bc4 Be2 46. Bb3 axb4 47. axb4 Nd3 48. Kg1 Nxb4 49. f3 b5 50. Kf2 Bc4 51. Bd1 Ke5 52. g3 Nd5 53. h4 gxh4 54. gxh4 Kf4 55. Bc2 Ne3 56. Be4 b4 57. Ke1 Ng2+ 58. Kd2 Nxh4 59. Bc6 Nxf3+ 60. Kc1 h5 61. Bd7 h4 62. Bc8 Ng5 0-1

[Event "WY U-16 Chess Olympiad 2019"]
[Site "Corum"]
[Date "2019.11.01"]
[Round "5"]
[White "Moazaz, Dhahir Habeeb"]
[Black "Itgelt, Khuyagtsogt"]
[Result "1/2-1/2"]
[WhiteElo "2087"]
[BlackElo "2160"]
[Annotator "NA"]
[PlyCount "115"]
[EventDate "2019.10.28"]
[EventType "team-tourn"]
[EventCountry "TUR"]
[SourceTitle "playchess.com"]
[Source "ChessBase"]
[SourceQuality "1"]

1. c4 Nf6 2. g3 c6 3. Bg2 d5 4. Nf3 Bg4 5. O-O e6 6. b3 Be7 7. Bb2 O-O 8. d3 Nbd7 9. Nbd2 Qc7 10. Qc2 Rfe8 11. a3 a5 12. Rac1 h6 13. Rfe1 Rad8 14. Qb1 Qb6 15. Qa1 Bc5 16. d4 Bf8 17. Bc3 Bf5 18. Qb2 Ra8 19. Ne5 Nxe5 20. dxe5 Nd7 21. cxd5 exd5 22. e4 dxe4 23. Nxe4 Nc5 24. Nxc5 Qxc5 25. b4 Qb6 26. Bd4 Qb5 27. Bc5 Bxc5 28. Rxc5 Qb6 29. Be4 Bxe4 30. Rxe4 axb4 31. axb4 Rad8 32. Rc1 Rd5 33. Qe2 Re6 34. Ra1 Qd8 35. Kg2 Kh7 36. Re1 Kg8 37. Ra1 Kh7 38. Re1 Qe7 39. f4 Qd8 40. Qf3 Rd2+ 41. R1e2 Re7 42. Rxd2 Qxd2+ 43. Qe2 Rd7 44. Qxd2 Rxd2+ 45. Kf3 Kg8 46. Rc4 Rb2 47. Rd4 Kf8 48. f5 Ke7 49. h3 Rb3+ 50. Kf4 h5 51. h4 Rc3 52. Re4 b5 53. e6 fxe6 54. Rxe6+ Kf7 55. Rd6 Ke7 56. Re6+ Kf7 57. Rd6 Ke7 58. Re6+ 1/2-1/2

[Event "WY U-16 Chess Olympiad 2019"]
[Site "Corum"]
[Date "2019.11.01"]
[Round "5"]
[White "Mai, Alexander Oliver"]
[Black "Veljanoski, Andrej"]
[Result "0-1"]
[WhiteElo "2085"]
[BlackElo "1936"]
[Annotator "NA"]
[PlyCount "78"]
[EventDate "2019.10.28"]
[EventType "team-tourn"]
[EventCountry "TUR"]
[SourceTitle "playchess.com"]
[Source "ChessBase"]
[SourceQuality "1"]

1. e4 e5 2. Nf3 Nc6 3. Bb5 a6 4. Ba4 Nf6 5. O-O Be7 6. Re1 b5 7. Bb3 d6 8. c3 O-O 9. h3 Na5 10. Bc2 c5 11. d4 Qc7 12. Nbd2 Nc6 13. d5 Nd8 14. Nf1 Ne8 15. Ng3 g6 16. a4 Qb7 17. Bh6 Ng7 18. axb5 axb5 19. b4 c4 20. Rxa8 Qxa8 21. Qb1 f6 22. Qb2 Nf7 23. Bxg7 Kxg7 24. Ra1 Qb7 25. Ra2 Bd8 26. Bb1 Bb6 27. Kh2 Ng5 28. Ne1 Qd7 29. Ra8 Qb7 30. Qa2 Bxf2 31. Ra5 Qb6 32. Nf3 Nxf3+ 33. gxf3 Bxg3+ 34. Kxg3 Qg1+ 35. Qg2 Qxb1 36. Rxb5 Qe1+ 37. Kh2 Qxc3 38. Qf2 Qd4 39. Qa2 c3 0-1